Lataa...
Educational psychology: a realistic approach
| Päätekijä: | |
|---|---|
| Aineistotyyppi: | Printed Book |
| Kieli: | English |
| Painos: | 4 |
| Aiheet: |
| LEADER | 00439nam a2200121Ia 4500 | ||
|---|---|---|---|
| 008 | 101008s9999 xx 000 0 eng d | ||
| 100 | |a Good, Thomas L | ||
| 245 | |a Educational psychology: a realistic approach | ||
| 250 | |a 4 | ||
| 650 | |a Educational Psychology | ||
| 942 | |c BK | ||
| 999 | |c 183334 |d 183334 | ||
| 952 | |0 0 |1 0 |2 ddc |4 0 |6 370_150000000000000_GOO_E1 |7 0 |9 202627 |a EDU |b EDU |c ST1 |d 2010-10-20 |i 4927 |l 13 |o 370.15 GOO/E;1 |p EDU4927 |r 2019-12-30 |s 2019-12-04 |t 1 |y BK | ||